书目信息 |
| 题名: |
导学语文
|
|
| 作者: | 毛以斌 著 | |
| 分册: | ||
| 出版信息: | 武汉 华中科技大学出版社 2021.1 |
|
| 页数: | 234页 | |
| 开本: | 24cm | |
| 丛书名: | ||
| 单 册: | ||
| 中图分类: | G623.203 , G633.303 | |
| 科图分类: | ||
| 主题词: | 小学语文课--教学参考资料 , 中学语文课--教学参考资料 | |
| 电子资源: | ||
| ISBN: | 978-7-5680-1668-1 | |
| 000 | 00899nam0 2200253 45 | |
| 001 | 012001002092 | |
| 005 | 20140821164923.0 | |
| 010 | @a978-7-5680-1668-1@dCNY52.00 | |
| 100 | @a20210517d2021 em y0chiy0110 ea | |
| 101 | 0 | @achi |
| 102 | @aCN@b420000 | |
| 105 | @ay z 000yy | |
| 106 | @ar | |
| 200 | 1 | @a导学语文@Adao xue yu wen@f毛以斌著 |
| 210 | @a武汉@c华中科技大学出版社@d2021.1 | |
| 215 | @a234页@d24cm | |
| 330 | @a本书作者从培养学生终身发展和未来发展的能力出发,从提升学生语文水平和人文素养出发,主张教师对学生进行语文学习方法的指导,即“导学语文”。全书主要内容包括:“导学语文”基本问题阐释;现代文阅读导学;现代诗歌阅读导学等。 | |
| 606 | 0 | @a小学语文课@j教学参考资料 |
| 606 | 0 | @a中学语文课@j教学参考资料 |
| 690 | @aG623.203@v5 | |
| 690 | @aG633.303@v5 | |
| 701 | 0 | @a毛以斌@Amao yi bin@f(1969-)@4著 |
| 801 | @aCN@bAHXH@c20210922 | |
| 905 | @b1281135-9@dG623.203@e1819@f5 | |
| 导学语文/毛以斌著.-武汉:华中科技大学出版社,2021.1 |
| 234页;24cm |
| ISBN 978-7-5680-1668-1:CNY52.00 |
| 本书作者从培养学生终身发展和未来发展的能力出发,从提升学生语文水平和人文素养出发,主张教师对学生进行语文学习方法的指导,即“导学语文”。全书主要内容包括:“导学语文”基本问题阐释;现代文阅读导学;现代诗歌阅读导学等。 |
| ● |
| 相关链接 |
|
|
|
|
正题名:导学语文
索取号:G623.203/1819
 
预约/预借
| 序号 | 登录号 | 条形码 | 馆藏地/架位号 | 状态 | 备注 |
| 1 | 1281135 | 212811359 | 第一样本阅览室/ [索取号:G623.203/1819] | 在馆 | |
| 2 | 1281136 | 212811368 | 教育系资料室/ [索取号:G623.203/1819] | 在馆 | |
| 3 | 1281137 | 212811377 | 教育系资料室/ [索取号:G623.203/1819] | 在馆 | |
| 4 | 1281138 | 212811386 | 第四借阅区/ [索取号:G623.203/1819] | 在馆 | |
| 5 | 1281139 | 212811395 | 第四借阅区/ [索取号:G623.203/1819] | 在馆 |